Statistiken für Spanische Vokabeln: Die Monate

Klicken Sie hier um das Quiz zu spielen!

Allgemein

  • Dieses Quiz wurde 132 mal gespielt
  • Das Durchschnittsergebnis liegt bei 9 aus 12

Antwortstatistiken

DeutschSpanisch% Korrekt
Märzmarzo
93%
Maimayo
93%
Junijunio
91%
Aprilabril
87%
Februarfebrero
83%
Januarenero
82%
Novembernoviembre
77%
Septemberseptiembre
77%
Augustagosto
73%
Oktoberoctubre
73%
Dezemberdiciembre
59%
Juliejuilio
7%

Verteilung der Resultate

Perzentil nach korrekt beantworteten Fragen

Anzahl Personen mit jedem Resultat

Ihre Resultats-Entwicklung

Sie haben dieses Quiz noch nicht gespielt